| 000 | 00000nas 2200000zi 4500 |
| 001 | 9.955653 |
| 003 | CaOODSP |
| 005 | 20251014104606 |
| 006 | m o d f |
| 007 | cr cn |||||||| |
| 008 | 250923c20219999onc x m o f0 0eng|d |
| 040 | |aCaOODSP|beng|erda|cCaOODSP |
| 043 | |an-cn--- |
| 086 | 1 |aYM32-10E-PDF |
| 130 | 0 |aHillStudies. |
| 245 | 10|aHillStudies : |bin-depth reads on Canadian topics. |
| 246 | 3 |aHill studies |
| 246 | 13|aLibrary of Parliament HillStudies |
| 264 | 1|aOttawa, Canada : |bLibrary of Parliament = Bibliothèque du Parlement, |c[2021]- |
| 310 | |aIrregular |
| 336 | |atext|btxt|2rdacontent |
| 337 | |acomputer|bc|2rdamedia |
| 338 | |aonline resource|bcr|2rdacarrier |
| 362 | 1 |aBegan with: Publication no. 2008-45-E (1 April 2021). |
| 500 | |aIssued also in French under title: Études de la Colline. |
| 520 | |a"Library of Parliament HillStudies provide in‑depth studies of policy issues. They feature historical background, current information and references, and often anticipate the emergence of the issues they examine. They are prepared by Parliamentary Information, Education and Research Services, which carries out research for and provides information and analysis to parliamentarians and Senate and House of Commons committees and parliamentary associations in an objective, impartial manner"--Publisher's website. |
| 550 | |aIssued by: Research and Education, 2023- |
| 580 | |aMerger of: Background paper; and: In brief. |
| 588 | |aDescription based on: Publication no. 2008-45-E (1 April 2021); title from PDF cover page. |
| 588 | |aLatest issue consulted: Publication no. 2011-66-E (20 June 2025). |
| 651 | 0|aCanada|xPolitics and government. |
| 651 | 0|aCanada|xEconomic policy. |
| 651 | 0|aCanada|xSocial policy. |
| 710 | 1 |aCanada. |bParliamentary Information, Education and Research Services, |eissuing body. |
| 710 | 1 |aCanada. |bLibrary of Parliament. |bResearch and Education, |eissuing body. |
| 775 | 08|tÉtudes de la Colline : |w(CaOODSP)9.955652 |
| 780 | 00|tBackground paper |w(CaOODSP)9.504772 |
| 780 | 00|tIn brief |w(CaOODSP)9.504914 |